Statistiques concernant paroles - Promenade en traineau

Cliquez ici pour prendre le quiz!

Statistiques générales

  • Ce quiz a été pris 4 fois
  • Le résultat moyen est 135 sur 264

Statistiques - réponses

Réponse% Correct
à
100%
a
100%
c'
100%
d'
100%
de
100%
des
100%
du
100%
en
100%
est
100%
et
100%
j'
100%
l'
100%
le
100%
les
100%
me
100%
moi
100%
par
100%
pour
100%
s'
100%
sa
100%
se
100%
traîneau
100%
ai
67%
amoureux
67%
avec
67%
bien
67%
bon
67%
ça
67%
comme
67%
faire
67%
fait
67%
grand
67%
heure
67%
hiver
67%
je
67%
la
67%
mais
67%
merveilleux
67%
nous
67%
on
67%
67%
qui
67%
tout
67%
tu
67%
un
67%
une
67%
voir
67%
vous
67%
ah
33%
air
33%
au
33%
autre
33%
blancs
33%
bleu
33%
bois
33%
bout
33%
car
33%
chaud
33%
chemin
33%
cheval
33%
ciel
33%
cœur
33%
contre
33%
coteaux
33%
dans
33%
deux
33%
dévale
33%
devant
33%
être
33%
fleur
33%
froid
33%
grelots
33%
ho
33%
jour
33%
manteaux
33%
moineau
33%
nez
33%
nid
33%
nos
33%
nuit
33%
petit
33%
qu'il
33%
sapins
33%
ses
33%
toi
33%
tour
33%
travers
33%
trot
33%
va
33%
voici
33%
vos
33%
accroche
0%
allons
0%
allume
0%
attelage
0%
attend
0%
blottit
0%
bruit
0%
change
0%
content
0%
couleur
0%
cries
0%
décor
0%
défilant
0%
déjà
0%
di
0%
effroi
0%
emmitouflez
0%
épanouit
0%
feu
0%
flambe
0%
instant
0%
joyeusement
0%
l'horizon
0%
loin
0%
lumière
0%
maison
0%
notre
0%
ohé
0%
parfois
0%
peint
0%
penche
0%
petits
0%
peu
0%
point
0%
près
0%
pris
0%
retour
0%
rire
0%
scintille
0%
signe
0%
souris
0%
surpris
0%
tenir
0%
tombée
0%
up
0%
vallon
0%
villages
0%
vois
0%
yeux
0%

Distribution des résultats

Percentile par nombre de réponses

% des personnes avec chaque résultat

Votre développement - résultats

Vous n’avez pas pris ce quiz